| 000 | 00506nam a2200205Ia 4500 | ||
|---|---|---|---|
| 005 | 20240823044944.0 | ||
| 008 | 240823s9999||||xx |||||||||||||| ||und|| | ||
| 020 | _a978-81-7473-069-9 | ||
| 041 | _aENGLISH | ||
| 082 | _A327.1 P4 | ||
| 100 | _aNorman D Palmer | ||
| 245 | 0 | _aInternational Relations | |
| 250 | _a3rd | ||
| 260 |
_c2004 _bAITBS Publishers |
||
| 500 | _aYES | ||
| 650 |
_aInternational Business _bManagement Studies |
||
| 700 | _a Howard C Perkins | ||
| 942 | _cBK | ||
| 999 |
_c213826 _d213826 |
||